Normal view
MARC view
Entry Personal Name
001 - CONTROL NUMBER
- control field: 4837
003 - CONTROL NUMBER IDENTIFIER
- control field: OSt
005 - DATE AND TIME OF LATEST TRANSACTION
- control field: 20150522145036.0
008 - FIXED-LENGTH DATA ELEMENTS
- fixed length control field: 150522|| aca||aabn | a|a d
040 ## - CATALOGING SOURCE
- Original cataloging agency: OSt
- Transcribing agency: OSt
100 ## - HEADING--PERSONAL NAME
- Personal name: Levick, J. R.
- Fuller form of name: (J. Rodney)
670 ## - SOURCE DATA FOUND
- Source citation: Work cat.: (OSt)1841: Levick, J. R. (J. Rodney), An introduction to cardiovascular physiology /, c2000.
